000 00377 a2200169 4500
001 188372
020 _a978-85-7153-228-1
040 _cMagnum
100 _aPaula, Liana Salmeron Botelho de
240 1 0 _aÓculos de ouvido
_lpor
245 1 0 _aÓculos de ouvido
300 _a24
362 0 _a2009
440 1 _aRHJ
697 _aLITERATURA INFANTO-JUVENIL
942 _cBK
999 _c188372
_d188372